000
00301nam a2200121Ia 4500
005
20260328104246.0
008
260328s9999||||xx |||||||||||||| ||und||
100
_a
Đokić, Vladan
245
0
_a
Serbian Architectural Journal /
_c
Vladan Đokić
260
_b
Saj
650
_a
ARQUITECTURA
942
_c
BK
999
_c
10062
_d
10062